Prioritné projekty transeurópskych dopravných sietí na Slovensku
Zameranie na vývoj legislatívy v oblasti transeurópskych dopravných sietí a možnosti ich financovania. Priblíženie piatich prioritných projektov, ktoré vo väčšej či menšej miere môžu v budúcnosti ovplyvňovať medzinárodnú dopravu prechádzajúcu cez územie Slovenska.
Salvato in:
| Autore principale: | |
|---|---|
| Natura: | Capitolo di libro |
| Lingua: | slovacco |
| Soggetti: | |
| Tags: |
Nessun Tag, puoi essere il primo ad aggiungerne!!
|
MARC
| LEADER | 00000naa$a2200000$$$4500 | ||
|---|---|---|---|
| 001 | 0269745 | ||
| 005 | 20240502074228.4 | ||
| 041 | 0 | |a slo | |
| 044 | |a SK | ||
| 245 | 1 | 0 | |a Prioritné projekty transeurópskych dopravných sietí na Slovensku |c Tomáš Kajánek |
| 520 | |a Zameranie na vývoj legislatívy v oblasti transeurópskych dopravných sietí a možnosti ich financovania. Priblíženie piatich prioritných projektov, ktoré vo väčšej či menšej miere môžu v budúcnosti ovplyvňovať medzinárodnú dopravu prechádzajúcu cez územie Slovenska. | ||
| 610 | 2 | 0 | |a Európska únia |
| 610 | 2 | 0 | |a siete dopravné |
| 610 | 2 | 0 | |a financovanie |
| 610 | 2 | 0 | |a Slovensko |
| 100 | 1 | |a Kajánek, Tomáš, 1995- | |